American Girl Dolls - Statistics

General Stats
  • This quiz has been taken 79 times
  • The average score is 33 of 55
Answer Stats
Picture Hint Answer % Correct
Historical Character (1974) Julie Albright
79%
Historical Character (1934) Kit Kittredge
79%
Historical Character (1944) Molly McIntire
79%
Historical Character (1854) Kirsten Larson
76%
Historical Character (1904) Samantha Parkington
76%
2015 Girl of the Year Grace Thomas
74%
Historical Character (1864) Addy Walker
71%
Historical Character (1774) Felicity Merriman
71%
2014 Girl of the Year Isabelle Palmer
71%
Historical Character (1824) Josefina Montoya
71%
Historical Character (1764) Kaya'aton'my
71%
2013 Girl of the Year Saige Copeland
71%
2009 Girl of the Year Chrissa Maxwell
69%
2016 Girl of the Year Lea Clark
69%
Historical Character (1914) Rebecca Rubin
69%
Historical Character (1812) Caroline Abbott
67%
2012 Girl of the Year McKenna Brooks
67%
Historical Character (1964) Melody Ellison
67%
Historical Character (1944) Emily Bennett
64%
Historical Character (1954) Maryellen Larkin
64%
2008 Girl of the Year Mia St. Clair
64%
Historical Character (1853) Cecile Rey
62%
2023 Girl of the Year Kavi Sharma
62%
Historical Character (1904) Nellie O'Malley
62%
Historical Character (1774) Elizabeth Cole
60%
Historical Character (1974) Ivy Ling
60%
2011 Girl of the Year Kanani Akina
60%
2018 Girl of the Year Luciana Vega
60%
Historical Character (1934) Ruthie Smithens
60%
2009 Girl of the Year Companion Sonali Matthews
60%
2025 Girl of the Year Summer McKinny
60%
Historical Character (1986) Courtney Moore
57%
2009 Girl of the Year Companion Gwen Thompson
57%
2020 Girl of the Year Joss Kendrick
57%
2024 Girl of the Year Lila Monetti
57%
Historical Character (1853) Marie-Grace Gardner
57%
2005 Girl of the Year Marisol Luna
57%
Historical Character (1941) Nanea Mitchell
57%
2007 Girl of the Year Nicki Fleming
57%
2019 Girl of the Year Blaire Wilson
55%
2021 Girl of the Year Kira Bailey
55%
2010 Girl of the Year Lanie Holland
55%
2001 Girl of the Year Lindsey Bergman
55%
Historical Character (1999) Isabel Hoffman
52%
2006 Girl of the Year Jess McConnell
52%
Historical Character (1999) Nicki Hoffman
52%
2017 Contemporary Character Tenney Grant
52%
2022 Girl of the Year Corinne Tan
50%
2017 Girl of the Year Gabriela McBride
50%
Historical Character (1922) Claudie Wells
45%
2003 Girl of the Year Kailey Hopkins
45%
2017 Contemporary Character Z Yang
45%
2021 World by Us doll Evette Peeters
40%
2021 World by Us doll Makena Williams
31%
2021 World by Us doll Maritza Ochoa
31%
No matching quizzes found
Score Distribution
Percent of People with Each Score
Percentile by Number Answered
Your Score History
You have not taken this quiz